000 00516nam a2200181Ia 4500
008 120910t1996 xxu||||| |||| 00| 0 sin d
041 _asin
080 _a8 S 31 (808
_b 2)
100 _aPasternak, Boris
245 _aඅවසන් ගිම්හානයේ කතාවක්
246 _aAwasan Gimhanaye Kathawak
260 _aS. Godage
_aColombo
_c1996
300 _b102p, 21 cm
700 _aHettiarachchi, Karunadasa
_etr.
942 _cBK
999 _c39954
_d39954
003 LK-CoDNM
040 _aLK-CoDNM
_dLK-CoDNM
_eLK-CoDNM